Historia del agro argentino : (Record no. 39632)

MARC details
000 -LEADER
campo de control de longitud fija 02465cam a2200301 i 4500
001 - NÚMERO DE CONTROL
campo de control 126410
005 - FECHA Y HORA DE LA ÚLTIMA TRANSACCIÓN
campo de control 20230410105559.0
008 - DATOS DE LONGITUD FIJA--INFORMACIÓN GENERAL
campo de control de longitud fija 170828s2009 ag 000 0 spa d
020 ## - NÚMERO INTERNACIONAL ESTÁNDAR DEL LIBRO
Número Internacional Estándar del Libro 9789500730419
041 ## - CÓDIGO DE IDIOMA
Código de lengua del texto/banda sonora o título independiente spa
050 14 - SIGNATURA TOPOGRÁFICA DE LA BIBLIOTECA DEL CONGRESO
Número de clasificación HD 1862
Número de ítem B282h 2009
082 00 - NÚMERO DE LA CLASIFICACIÓN DECIMAL DEWEY
Número de clasificación 333.0982
100 1# - ENTRADA PRINCIPAL--NOMBRE DE PERSONA
Nombre de persona Barsky, Osvaldo,
Fechas asociadas al nombre 1943-
245 10 - MENCIÓN DEL TÍTULO
Título Historia del agro argentino :
Resto del título desde la conquista hasta comienzos del siglo XXI /
Mención de responsabilidad, etc. Osvaldo Barsky, Jorge Gelman
250 ## - MENCION DE EDICION
Mención de edición 3a ed.
260 ## - PUBLICACIÓN, DISTRIBUCIÓN, ETC.
Lugar de publicación, distribución, etc. Buenos Aires :
Nombre del editor, distribuidor, etc. Editorial Sudamericana,
Fecha de publicación, distribución, etc. 2009
300 ## - DESCRIPCIÓN FÍSICA
Extensión 579 p. :
Otras características físicas ill.;
Dimensiones 23 cm
490 1# - MENCIÓN DE SERIE
Mención de serie Historia argentina
520 ## - RESUMEN, ETC.
Sumario, etc. A pesar de la importancia que tiene el agro en la sociedad argentina, han sido escasos los intentos de indagar en su evolución a lo largo de la historia. Este libro construye una síntesis del desarrollo rural de todo el país: comienza con el análisis de las comunidades indígenas y continúa con la construcción del mundo agrícola colonial, la conformación de las nuevas economías agrarias a partir de la independencia, la expansión ganadera en la primera mitad del siglo XIX y el crecimiento de distintas economías regionales. El estudio avanza sobre el notable desarrollo del agro pampeano y el auge de la producción azucarera del noroeste y vitivinícola de Cuyo, así como las de otras sociedades del interior. Asimismo, son analizados los efectos de la Primera Guerra Mundial y de la crisis internacional de los años 30 en las políticas y las dinámicas agrarias. La caída de la producción agrícola pampeana y los cambios sociales desatados en esta región en el contexto de la Segunda Guerra Mundial, y el posterior período de recuperación, junto a los avances de las producciones regionales se presentan detalladamente. Finalmente, el impacto de las medidas macroeconómicas en la reorganización del ámbito rural en las últimas décadas, incluido el conflicto por el excedente agrario que sacudió al país en 2008, cierra este libro en el que los autores ofrecen una visión completa y profunda de un sector decisivo en el pasado y presente de la Argentina.
650 #0 - PUNTO DE ACCESO ADICIONAL DE MATERIA--TÉRMINO DE MATERIA
Término de materia o nombre geográfico como elemento de entrada Agriculture
Subdivisión general Economic aspects
Subdivisión geográfica Argentina
Subdivisión general History.
650 #0 - PUNTO DE ACCESO ADICIONAL DE MATERIA--TÉRMINO DE MATERIA
Término de materia o nombre geográfico como elemento de entrada Agriculture
Subdivisión geográfica Argentina
Subdivisión general History.
650 #4 - PUNTO DE ACCESO ADICIONAL DE MATERIA--TÉRMINO DE MATERIA
Término de materia o nombre geográfico como elemento de entrada Agricultura
Subdivisión general Historia
Subdivisión geográfica Argentina.
650 #4 - PUNTO DE ACCESO ADICIONAL DE MATERIA--TÉRMINO DE MATERIA
Término de materia o nombre geográfico como elemento de entrada Agricultura
Subdivisión general Aspectos económicos
Subdivisión geográfica Argentina.
650 #4 - PUNTO DE ACCESO ADICIONAL DE MATERIA--TÉRMINO DE MATERIA
Término de materia o nombre geográfico como elemento de entrada Reforma agraria
Subdivisión geográfica Argentina.
700 1# - ENTRADA AGREGADA--NOMBRE PERSONAL
Nombre de persona Gelman, Jorge
942 ## - ELEMENTOS DE ENTRADA SECUNDARIOS (KOHA)
Fuente del sistema de clasificación o colocación Clasificación de Library of Congress
Tipo de ítem Koha
946 ## - PROCESAMIENTO DE INFORMACIÓN LOCAL (OCLC)
a dpf
Holdings
Estatus retirado Estado de pérdida Fuente del sistema de clasificación o colocación Estado de daño No para préstamo Colección Biblioteca de origen Biblioteca actual Ubicación en estantería Fecha de adquisición Serial enumeration / chronology Signatura topográfica completa Código de barras Visto por última vez Copia número Tipo de ítem Koha
    Clasificación de Library of Congress     Ciencias Sociales Biblioteca Juan Bosch Biblioteca Juan Bosch Ciencias Sociales (3er. Piso) 10/04/2023 1 HD 1862 B282h 2009 00000119410 24/10/2018 1